Quiz dos Estados Federados da Micronésia - Statistics

Estatísticas Gerais
  • Esse quiz foi jogado 501 vezes
  • A pontuação média é 7 de 13
Estatísticas das Respostas
Dica Resposta % Correto
Oceano onde os EFM estão Oceano {Pacífico}
95%
Língua oficial Inglês
88%
País que administrou os EFM de 1947-1986 Estados Unidos
81%
País que invadiu e capturou as ilhas em 1914 Japão
80%
País que colonizou os EFM de 1574-1899 Espanha
73%
País para o leste dos EFM Ilhas Marshall
73%
País que comprou os EFM do acima em 1899 Alemanha
68%
Sub-região oceânica onde os EFM estão Micronésia
56%
Capital Palikir
55%
Arquipélago que se estende pelos EFM e Palau Ilhas {Carolina}s
20%
Maior ilha por área Pohnpei
20%
Língua indígena mais falada Chuquês
18%
Maior vila Weno
18%
Nenhum quiz correspondente encontrado
Distribuição das Pontuações
Porcentagem de Pessoas com Cada Pontuação
Percentil de Números Respondidos
Sua Pontuação Histórica
Você não jogou esse quiz